LEADER 04966nam 2200625 a 450 001 9910139516403321 005 20170809153008.0 010 $a1-282-16511-9 010 $a9786612165115 010 $a0-470-61127-8 010 $a0-470-39389-0 035 $a(CKB)2550000000005865 035 $a(EBL)477653 035 $a(OCoLC)471135452 035 $a(SSID)ssj0000354458 035 $a(PQKBManifestationID)11259180 035 $a(PQKBTitleCode)TC0000354458 035 $a(PQKBWorkID)10302324 035 $a(PQKB)10622232 035 $a(MiAaPQ)EBC477653 035 $a(EXLCZ)992550000000005865 100 $a20080619d2008 uy 0 101 0 $aeng 135 $aur|n|---||||| 181 $ctxt 182 $cc 183 $acr 200 00$aMetallurgy and mechanics of welding$b[electronic resource] $eprocesses and industrial applications /$fedited by Re?gis Blondeau 210 $aLondon $cISTE ;$aHoboken, NJ $cJohn Wiley & Sons$dc2008 215 $a1 online resource (514 p.) 225 1 $aISTE ;$vv.41 300 $aDescription based upon print version of record. 311 $a1-84821-038-8 320 $aIncludes bibliographical references and index. 327 $aMetallurgy and Mechanics of Welding; Table of Contents; Preface; Chapter 1. Traditional Welding Processes; 1.1. Introduction; 1.2. Conditions to create metallic bonding; 1.2.1. Activation of surfaces; 1.2.2. Elimination of obstacles to bond creation; 1.2.3. How can we classify the various welding processes?; 1.3. Industrial welding processes; 1.3.1. Processes using local fusion of components without mechanical action; 1.3.2. Processes using local fusion of components with mechanical action; 1.3.3. Processes using heating without fusion but with mechanical action 327 $a1.3.4. Processes using mechanical action without heating1.4. Bibliography; Chapter 2. High Density Energy Beam Welding Processes: Electron Beam and Laser Beam; 2.1. Welding properties using high density energy beams; 2.2. Laser beam welding; 2.2.1. History; 2.2.2. Principle; 2.2.3. Various laser types; 2.2.4. Laser systems; 2.2.5. Implementation of laser beam welding; 2.3. Electron beam welding; 2.3.1. History; 2.3.2. Principle; 2.3.3. Equipment; 2.3.4. Design and preparation of the parts; 2.4. Metallurgy of high density energy beam welding; 2.4.1. Steels; 2.4.2. Aluminum alloys 327 $a2.4.3. Nickel-based alloys2.4.4. Titanium-based alloys; 2.4.5. Zirconium-based alloys; 2.4.6. Copper-based alloys; 2.5. Mechanical properties of welded joints; 2.6. The quality of the assemblies; 2.6.1. Weld defects; 2.6.2. Weld inspection methods; 2.6.3. Standardization and qualification of the welding operating mode; 2.7. Economic aspects; 2.7.1. Cost of an electron beam machine; 2.7.2. Cost of a laser beam machine; 2.8. Safety; 2.9. Examples of industrial applications; 2.9.1. Electron beam welding; 2.9.2. Laser beam welding; 2.10. Development prospects; 2.11. Bibliography 327 $aChapter 3. Thermal, Metallurgical and Mechanical Phenomena in the Heat Affected Zone3.1. Thermal aspects related to welding; 3.1.1. Maximum temperature attained in the HAZ; 3.1.2. Cooling parameter in the HAZ; 3.2. Microstructural modifications in the HAZ: metallurgical consequences of the thermal cycles of welding; 3.2.1. Transformations in the HAZ during heating; 3.2.2. Transformations in the HAZ during cooling; 3.2.3. Case of multipass welding; 3.2.4. Cold cracking; 3.2.5. Lamellar tearing; 3.3. Influence of the thermal cycles on the mechanical properties of the HAZ 327 $a3.3.1. Modifications of the mechanical properties of hardness or traction in the HAZ3.3.2. Toughness properties of the HAZ; 3.3.3. Residual stresses associated with welding; 3.3.4. Influence of residual stress relieving heat treatments in the HAZ; 3.4. Bibliography; Chapter 4. Molten Metal; 4.1. Metallurgical reminders; 4.2. Molten metal; 4.2.1. Thermal aspect; 4.2.2. Chemical aspect; 4.2.3. Microstructures in ferritic steel welds: relationship with impact strength characteristics; 4.3. Principal welding defects; 4.3.1. Hot cracking; 4.3.2. Cold cracking; 4.3.3. Reheat cracking 327 $a4.3.4. Porosities 330 $aThis book offers a comprehensive overview on the subject of welding. Written by a group of expert contributors, the book covers all welding methods, from traditional to high-energy plasmas and lasers.?The reference presents joint welding, stainless steel welding, aluminum welding, welding in the nuclear industry, and all aspects of welding quality control. 410 0$aISTE 606 $aWelding 608 $aElectronic books. 615 0$aWelding. 676 $a671.5/2 676 $a671.52 701 $aBlondeau$b Re?gis$0867715 801 0$bMiAaPQ 801 1$bMiAaPQ 801 2$bMiAaPQ 906 $aBOOK 912 $a9910139516403321 996 $aMetallurgy and mechanics of welding$91936819 997 $aUNINA LEADER 02857nam 2200397 450 001 9910404148603321 005 20210315180754.0 010 $a1-78374-877-X 035 $a(OCoLC)1151507612$z(OCoLC)1149316428$z(OCoLC)1149651771$z(OCoLC)1150182291$z(OCoLC)1170908043$z(OCoLC)1175737959 035 $a(CKB)4100000010858943 035 $a(MiAaPQ)EBC6154392 035 $a(EXLCZ)994100000010858943 100 $a20200710d2020 uy 0 101 0 $aeng 135 $aurcnu|||||||| 181 $ctxt$2rdacontent 182 $cc$2rdamedia 183 $acr$2rdacarrier 200 10$aAgency $emoral identity and free will /$fDavid Weissman 210 1$aCambridge, England :$cOpen Book Publishers,$d2020. 215 $a1 online resource (vi, 195 pages) 311 08$aPrint version: 9781783748754 1783748753 311 08$aPrint version: 9781783748761 1783748761 320 $aIncludes bibliographical references and index. 330 $a"There is agency in all we do: thinking, doing, or making. We invent a tune, play, or use it to celebrate an occasion. Or we make a conceptual leap and ask more abstract questions about the conditions for agency. They include autonomy and self-appraisal, each contested by arguments immersing us in circumstances we don't control. But can it be true we that have no personal responsibility for all we think and do? Agency: Moral Identity and Free Will proposes that deliberation, choice, and free will emerged within the evolutionary history of animals with a physical advantage: organisms having cell walls or exoskeletons had an internal space within which to protect themselves from external threats or encounters. This defense was both structural and active: such organisms could ignore intrusions or inhibit risky behavior. Their capacities evolved with time: inhibition became the power to deliberate and choose the manner of one's responses. Hence the ability of humans and some other animals to determine their reactions to problematic situations or to information that alters values and choices. This is free will as a material power, not as the conclusion to a conceptual argument. Having it makes us morally responsible for much we do. It prefigures moral identity. Closely argued but plainly written, Agency: Moral Identity and Free Will speaks for autonomy and responsibility when both are eclipsed by ideas that embed us in history or tradition. Our sense of moral choice and freedom is accurate. We are not altogether the creatures of our circumstances."--Publisher's website. 606 $aFree will and determinism 615 0$aFree will and determinism. 676 $a123.5 700 $aWeissman$b David$f1936-$0863071 801 0$bMiAaPQ 801 1$bMiAaPQ 801 2$bMiAaPQ 906 $aBOOK 912 $a9910404148603321 996 $aAgency$91926680 997 $aUNINA